¡Quítate esa gorra! /
Adrián tiene miedo a caerse. Por eso no juega al fútbol. Pero le encanta. Menos mal que, un día, el novio de su hermana se empeñó en enseñarle a jugar. Desde entonces le preocupan menos su pierna ortopédica y sus problemas de estómago. En el colegio todos lo aceptan como es. Lo que más le preocupa e...
Guardado en:
| Autor Principal: | |
|---|---|
| Otros Autores: | |
| Formato: | Libro |
| Idioma: | Undetermined |
| Publicado: |
Madrid :
Alfaguara,
2000.
|
| Series: | Derechos del niño ;
5 |
| Materias: | |
| Etiquetas: |
Agregar Etiqueta
Sin Etiquetas, Sea el primero en etiquetar este registro!
|
| LEADER | 01525nam a22002415a 4500 | ||
|---|---|---|---|
| 001 | CEM.cems021010 | ||
| 008 | 240412s2000####sp############000#0#und#d | ||
| 005 | 20240412140915.0 | ||
| 245 | 1 | 0 | |a ¡Quítate esa gorra! / |c Migdalia Fonseca ; ilustrado por Enrique Martínez. |
| 260 | |a Madrid : |b Alfaguara, |c 2000. | ||
| 300 | |a 32 p. | ||
| 490 | 1 | |a Derechos del niño ; |v 5 | |
| 520 | |a Adrián tiene miedo a caerse. Por eso no juega al fútbol. Pero le encanta. Menos mal que, un día, el novio de su hermana se empeñó en enseñarle a jugar. Desde entonces le preocupan menos su pierna ortopédica y sus problemas de estómago. En el colegio todos lo aceptan como es. Lo que más le preocupa es el chichón que tiene en la cabeza. Por eso siempre lleva una gorra, para que nadie se burle de él. Adrián juega partidos de fútbol muy emocionantes y se divierte con sus amigos. Pero siempre lleva su gorra. Además, está Anabelle, una niña guapísima y simpatiquísima que quiere ser su amiga. Él se avergüenza de su chichón, hasta que un día, Anabelle, medio broma medio en serio, le dice: quítate esa gorra. | ||
| 020 | |a 8420458317 | ||
| 100 | 1 | |a Fonseca, Migdalia. | |
| 700 | 1 | |a Martínez, Enrique; il. | |
| 653 | |a Literatura puertorriqueña | ||
| 653 | |a Novela infantil | ||
| 653 | |a Literatura infantil | ||
| 653 | |a Derechos del niño | ||
| 653 | |a Inclusión | ||
| 859 | |a CEMS |b BIB. CEMS - Inicial y Primaria |h PR863.4 |i F733 |k IP |p 2153 |t Ej.1 | ||
| 859 | |a CEMS |b BIB. CEMS - Inicial y Primaria |h PR863.4 |i F733 |k IP |p 3085 |t Ej.2 | ||
